000
00303nam a22001337a 4500
020
_a
9780756671839
040
_c
nust
082
_a
615.321
_b
STE
100
_a
Steel, Susannah
_9
122777
245
_a
Home Herbal
260
_a
New York:
_b
Dk,
_c
2011.
650
_a
Home Herbal
_9
122778
942
_2
ddc
_c
BK
999
_c
609216
_d
609216